| 000 | 00695nam a2200181 i 4500 | ||
|---|---|---|---|
| 001 | 30124 | ||
| 003 | ES-MaACL | ||
| 005 | 20230906154136.0 | ||
| 007 | t| | ||
| 008 | 030123s1952 sp ||||1| spa d | ||
| 100 | 1 |
_aBarrio y Rufo, José María. _926011 |
|
| 245 | 1 | 0 |
_aHistoria de la Virgen del Puerto, patrona de Plasencia / _cJosé María Barrio y Rufo ; edición, traducción y notas de Francisco Fernández-Serrano y Antonio Sánchez Paredes. |
| 260 |
_aZaragoza : _b[s.n., _c1952] ( _fGráf. Salduva) |
||
| 300 |
_aLI, 33 p., 5 lám. ; _c22 cm. |
||
| 700 | 1 |
_aFernández-Serrano, Francisco. _950094 |
|
| 700 | 1 |
_aSánchez Paredes, Antonio. _9102830 |
|
| 852 |
_aES-MaACL _jA-10146 _bR.99424 |
||
| 999 |
_c30124 _d30124 |
||